000 01064cab a22001935a 4500
001 L156569
008 120611e2012 xxk 000 0 eng d
035 _a(Sirsi) u156569
041 0 _aeng
110 2 _aProperty Week
_91549
245 0 0 _aAgency 2012
_ba grinding recovery
260 _c2012
490 0 _aProperty Week
_v78(23) 8 June 2012, 26-29(4)
520 _aThe 2012 survey of UK property services firms (PSFs) shows business continuing to improve slowly. The combined turnover of the top 60 firms increased by £128.3m, 5.8% up on 2011. However 24 firms suffered a drop in revenue. Nine out of 60 firms are expecting to be involved in mergers and acquisitions in the next year and over half the firms expect to increase staffing. League tables cover: top 60 PSFs ranked by UK turnover; top 60 PSFs ranked by UK turnover per fee-earner; top five European PSFs ranked by European turnover; and top five global PSFs firms ranked by worldwide turnover.
590 _aKA
651 4 _aInternational
690 _aCommercial property
_96227
942 _n0
999 _c84086
_d84086